Строительные материалы из попутных продуктов промышленности. Межвузовский тематический сборник трудов

Detalles Bibliográficos
Autor Corporativo: Ленинградский инженерно-строительный институт
Lenguaje:ruso
Publicado: Ленинград, [Б. и.], 1978
Materias:
Formato: MixedMaterials Libro
KOHA link:https://koha.lib.tpu.ru/cgi-bin/koha/opac-detail.pl?biblionumber=371427

MARC

LEADER 00000nam0a2200000 4500
001 371427
005 20231102012358.0
035 |a (RuTPU)RU\TPU\retro\28837 
090 |a 371427 
100 |a 20221019d1978 m y0rusy50 ca 
101 0 |a rus 
102 |a RU 
105 |a a z 001zy 
200 1 |a Строительные материалы из попутных продуктов промышленности. Межвузовский тематический сборник трудов  |f Ленинградский инженерно-строительный институт 
210 |a Ленинград  |c [Б. и.]  |d 1978 
215 |a 154 с.  |c ил. 
320 |a Библиогр. в конце ст. 
606 1 |a Строительные материалы  |2 stltpush  |3 (RuTPU)RU\TPU\subj\57441  |9 75303 
610 1 |a строительная керамика 
610 1 |a побочные продукты 
610 1 |a сырьевая база 
610 1 |a переработка 
610 1 |a бетон 
675 |a 691  |v 4 
712 0 2 |a Ленинградский инженерно-строительный институт  |c (1941-1992)  |2 stltpush  |3 (RuTPU)RU\TPU\col\7808  |9 24389 
801 1 |a RU  |b 63413507  |c 20221019 
801 2 |a RU  |b 63413507  |c 20221019  |g RCR 
942 |c BK